Catálogo

PSICOFARMACOLOGIA ESENCIAL : (Registro nro. 50031)

Detalles MARC
000 -LEADER
fixed length control field 01140nam a2200217 a 4500
001 - CONTROL NUMBER
control field 50031
005 - DATE AND TIME OF LATEST TRANSACTION
control field 20180714034939.0
008 - FIXED-LENGTH DATA ELEMENTS--GENERAL INFORMATION
fixed length control field 140415s1998 sp 000 0 spa d
020 ## - INTERNATIONAL STANDARD BOOK NUMBER
International Standard Book Number 8434408775
041 ## - LANGUAGE CODE
Language code of text/sound track or separate title spa
082 ## - DEWEY DECIMAL CLASSIFICATION NUMBER
Classification number 615.78
Item number STA
100 1# - MAIN ENTRY--PERSONAL NAME
Personal name STAHL, STEPHEN M.
245 10 - TITLE STATEMENT
Title PSICOFARMACOLOGIA ESENCIAL :
Remainder of title BASES NEUROCIENTIFICAS Y APLICACIONESCLINICAS
250 ## - EDITION STATEMENT
Edition statement 1a ed.
260 ## - PUBLICATION, DISTRIBUTION, ETC.
Place of publication, distribution, etc. ESPAÑA :
Name of publisher, distributor, etc. ARIEL,
Date of publication, distribution, etc. 1998
300 ## - PHYSICAL DESCRIPTION
Extent 470
Dimensions 18.5 x 2.1 x 23.9
490 ## - SERIES STATEMENT
Series statement ARIEL CIENCIA
520 ## - SUMMARY, ETC.
Summary, etc. ESTE LIBRO EXPLICA LOS CONCEPTOS NEUROBIOLOGICOS QUE SUBYACEN AL TRATAMIENTO FARMACOLOGICO DE LOS TRSTORNOS MENTALES. PARA LOS ESTUDIANTES QUE POR PRIMERA VEZ APRENDEN PSICOFARMACOLOGIA ESTE LIBRO PROPORCIONA UNA INTERESANTE Y FACIL INTRODUCCION A ESTE TEMA. PARA LOS MEDICOS O CIENTIFICOS CON CONOCIMIENTOS PREVIOS EN ESTE CAMPO, EL LIBRO ESTA ORGANIZADO DE FORMA QUE PROPORCIONA UNA RAPIDA REVISION DE LOS PUNTOS CLAVES EN PSICOFARMACOLOGIA Y EN EL TRATAMIENTO FARMACOLOGICO DE LAS ENFE
650 14 - SUBJECT ADDED ENTRY--TOPICAL TERM
Topical term or geographic name entry element PSICOFARMACOLOGIA
740 ## - ADDED ENTRY--UNCONTROLLED RELATED/ANALYTICAL TITLE
Uncontrolled related/analytical title ESENTIAL PSYCHOPHARMACOLOGY NEUROSCIENTIFIC BASIS AND CLINICAL APPLICATIONS
Existencias
Withdrawn status Lost status Source of classification or shelving scheme Damaged status Not for loan Collection code Home library Current library Shelving location Date acquired Source of acquisition Inventory number Total Checkouts Full call number Barcode Date last seen Price effective from Koha item type
    Dewey Decimal Classification     General Biblioteca Karol Wojtyla Biblioteca Karol Wojtyla Sala general 03/12/2013 Compra 151000000000000000001825   615.78 STA 74726 25/03/2026 03/12/2013 Reserva permanente